000 00735nam a2200289Ia 4500
005 20260324142916.0
008 008 260324s9999 xx 000 0 eng d
020 _a9780203420331
037 _aEBOOK
040 _aCRL
040 _beng
040 _cCRL
041 _2eng
041 _aeng
084 _qCRL
100 _aJ Barry Cullingworth; J. Barry Cullingworth
_91213686
245 4 _aThe Political Culture of Planning
245 0 _bAmerican Land Use Planning in Comparative Perspective
260 _bTaylor and Francis
260 _c1993
365 _a
365 _b300
856 _uhttp://www.taylorfrancis.com/books/9780203420331
942 _cEBOOK
999 _c1818447
_d1818447